000
00211nam a22000977a 4500
003
OSt
008
200922b ||||| |||| 00| 0 eng d
100
_a
Gopinathan Nair, T N
_9
4767
245
_a
Pookkari
942
_c
BK
999
_c
16338
_d
16338